Wahr oder Falsch? (Fußball Edition) - Statistiken

Allgemein
  • Dieses Quiz wurde 951 mal gespielt
    709 seit der letzten Aktualisierung
  • Das Durchschnittsergebnis liegt bei 10 aus 15
Antwortstatistiken
Frage Antwort % Korrekt
Pelé gewann 3 mal die Weltmeisterschaft. Wahr
86%
Zidane, Kaka und Henry spielten alle für Juventus Turin. Falsch
78%
Lothar Matthäus gewann den Ballon d‘Or. Wahr
75%
Ibrahimovic gewann die Champions League sowohl mit Inter als auch mit AC Mailand. Falsch
73%
Ungarn wurde offiziell einmal Weltmeister. Falsch
72%
Jose Mourinho gewann in seiner ersten Premier League Saison mit Chelsea den Titel. Wahr
69%
England war Gastgeber der ersten offiziellen WM 1930. Falsch
68%
Fillippo „Pipo“ Inzaghi, absolvierte seine meisten Spiele als Offensivmann. Wahr
68%
Paulo Dybala gab sein Serie A Debut 2012 gegen Lazio. Wahr
67%
Ronaldo Nazario spielte nach seiner Station in Eindhoven sofort für Real Madrid. Falsch
63%
Bukarest, Belgrad und Dublin hatten alle mindestens einen Champions League (Europapokal der Landesmeister) Sieger. Falsch
60%
Jamie Carragher machte über 500 Premier League spiele für Liverpool. Wahr
57%
Maradona spielte vor seinem Transfer zu Barcelona bei River Plate in Argentinien. Falsch
54%
Mario Götzes Siegtor 2014 im WM Finale 2014 erzielte er in der Nachspielzeit. Falsch
52%
Hamburg war der erste Champions League (Europapokal der Landesmeister) Sieger Deutschlands. Falsch
42%
Keine übereinstimmenden Quizze gefunden
Verteilung der Resultate
Anzahl Personen mit jedem Resultat
Perzentil nach korrekt beantworteten Fragen
Ihre Resultats-Entwicklung
Sie haben dieses Quiz seit der letzten Aktualisierung nicht gespielt